| 000 | 01327nam a2200301Ia 4500 | ||
|---|---|---|---|
| 003 | OSt | ||
| 005 | 20241018144435.0 | ||
| 008 | 200826s9999||||xx |||||||||||||| ||und|| | ||
| 020 | _a7108032236 | ||
| 020 | _a9787108032232 | ||
| 040 | _cGETS | ||
| 041 |
_achi _heng |
||
| 050 |
_aBR65.A73 _b.C5 2009 |
||
| 100 | _aAugustine | ||
| 245 | 0 |
_a论信望爱 _b= Enchiridion / _c奥古斯丁(Augustine) 著; 许一新译 |
|
| 246 |
_a論信望愛 _b |
||
| 260 |
_a北京: _b生活·读书·新知三联书店, _c2009 |
||
| 300 |
_a1, 323 p. _b; _c23 cm. |
||
| 490 | _a基督教经典译丛 | ||
| 500 | _aTranslation of: Enchiridion. | ||
| 505 | _a 本书是包含了奥古斯丁论述基督教 教义及“信、望、爱”三大 神学德行的重要论著。作者以简明而全面的方式阐述了基督教最基本的教义:罪、 恩典、预定。奥古斯丁对这些教义的阐述对后世的基督教思想家,如 马丁·路德、 加尔文、 巴特等最重要的 神学家均产生了重大的影响。本书是了解奥古斯丁思想、 古代基督教,乃至基督教思想史的一把钥匙。 | ||
| 650 | _aEarly works. | ||
| 650 | _aTheological virtues Early works to 1800. | ||
| 650 | _aTheological virtues. | ||
| 700 | _a奥古斯丁 | ||
| 700 | _a许一新 | ||
| 942 |
_cCB _2ddc |
||
| 999 |
_c176 _d176 |
||